[Event "Superettan(Burgsvik-Kamraterna)"]
[Site "?"]
[Date "2018.03.17"]
[Round "8"]
[White "Hamark, Jesper"]
[Black "Andersson, Tommy"]
[Result "1/2-1/2"]
[WhiteElo "2333"]
[BlackElo "2396"]
[PlyCount "107"]

1. e4 c5 2. Nc3 d6 3. f4 Nc6 4. Bb5 Bd7 5. Nf3 a6 6. Bxc6 Bxc6 7. O-O e6 8. d4
cxd4 9. Nxd4 Qc7 10. Kh1 Nf6 11. e5 Nd5 12. Ne4 O-O-O 13. Nxc6 Qxc6 14. Qe2 h5
15. c4 Nc7 16. Ng5 Qe8 17. Be3 f6 18. Ne4 Qc6 19. Bf2 h4 20. h3 dxe5 21. fxe5
f5 22. Ng5 Qe8 23. Rad1 Be7 24. Rxd8+ Bxd8 25. Be3 Rf8 26. Bf4 Be7 27. Rd1 Qg6
28. Qe3 Qe8 29. b3 Qc6 30. Qe1 Rh8 31. Qe3 Rf8 32. Nf3 Qe4 33. Qc1 Rd8 34.
Rxd8+ Bxd8 35. Bg5 Bxg5 36. Qxg5 Qb1+ 37. Kh2 Qxa2 38. Qxh4 b5 39. Qh8+ Kb7 40.
Qxg7 Qxb3 41. cxb5 a5 42. h4 a4 43. h5 a3 44. h6 a2 45. h7 a1=Q 46. h8=Q Qxb5
47. Qd8 Qc4 48. Qd2 Qaa4 49. Qe7 Qf4+ 50. Qxf4 Qxf4+ 51. Kg1 Qe3+ 52. Kh2 Qf4+
53. Kg1 Qe3+ 54. Kh2 1/2-1/2

[Event "Superettan(Burgsvik-Kamraterna)"]
[Site "?"]
[Date "2018.03.17"]
[Round "8"]
[White "Vovk, Ilja"]
[Black "Aberg, Anton"]
[Result "1-0"]
[WhiteElo "2281"]
[BlackElo "2368"]
[PlyCount "45"]

1. d4 f5 2. Bg5 d5 3. c4 h6 4. Bf4 e6 5. Nf3 Nd7 6. cxd5 exd5 7. Qc2 c6 8. Qxf5
Ne7 9. Qc2 g5 10. Bg3 Nf6 11. e3 Bf5 12. Bd3 Bxd3 13. Qxd3 Qb6 14. b3 Rg8 15.
Nc3 O-O-O 16. O-O Nd7 17. Rfc1 a6 18. Bd6 Nf6 19. Na4 Qa7 20. Bc5 Qb8 21. Ne5
Nd7 22. Bxe7 Nxe5 23. Qf5+ 1-0

[Event "Superettan(Burgsvik-Kamraterna)"]
[Site "?"]
[Date "2018.03.17"]
[Round "8"]
[White "Svensson, Bengt"]
[Black "Larsson, Victor"]
[Result "1/2-1/2"]
[WhiteElo "2319"]
[BlackElo "2180"]
[PlyCount "38"]

1. e4 c5 2. Nf3 Nc6 3. d4 cxd4 4. Nxd4 g6 5. Nc3 Bg7 6. Nde2 b5 7. a3 Nf6 8. g3
Rb8 9. Bg2 O-O 10. O-O d6 11. h3 a6 12. Be3 Bb7 13. Qd2 Ne5 14. b3 Re8 15. a4
b4 16. Nd5 Ned7 17. Rad1 Nc5 18. Nxf6+ Bxf6 19. f3 a5 1/2-1/2

[Event "Superettan(Burgsvik-Kamraterna)"]
[Site "?"]
[Date "2018.03.17"]
[Round "8"]
[White "Persson, Mats"]
[Black "Svenn, Gosta"]
[Result "1/2-1/2"]
[WhiteElo "2299"]
[BlackElo "2307"]
[PlyCount "87"]

1. e4 e5 2. Nf3 Nc6 3. d4 exd4 4. Bc4 Nf6 5. O-O Nxe4 6. Re1 d5 7. Bxd5 Qxd5 8.
Nc3 Qh5 9. Nxe4 Be6 10. Bg5 Be7 11. Bxe7 Nxe7 12. Nxd4 Bg4 13. f3 Bd7 14. b4
O-O-O 15. Nd6+ cxd6 16. Rxe7 Rhe8 17. Rxe8 Rxe8 18. Qd3 Qg5 19. Rd1 h5 20. Kf1
Qf4 21. Qc4+ Bc6 22. g3 Qe5 23. Nxc6 bxc6 24. Qxc6+ Kb8 25. Qxd6+ Qxd6 26. Rxd6
Rc8 27. Rd2 Rc4 28. Ke2 Kc7 29. Kd3 Rxb4 30. c4 Rb1 31. f4 Kc6 32. Kd4 Re1 33.
h4 f5 34. Rd3 Re4+ 35. Kc3 Re1 36. Kd2 Rg1 37. Ra3 Kb6 38. Ke2 Rg2+ 39. Kf3 Rc2
40. Rb3+ Kc6 41. Ra3 Kb6 42. Rb3+ Kc6 43. Ra3 Kb6 44. Rb3+ 1/2-1/2

[Event "Superettan(Burgsvik-Kamraterna)"]
[Site "?"]
[Date "2018.03.17"]
[Round "8"]
[White "Borvander, Tom"]
[Black "Packalen, Marcus"]
[Result "1/2-1/2"]
[WhiteElo "2126"]
[BlackElo "2122"]
[PlyCount "58"]

1. d4 Nf6 2. Nf3 g6 3. c4 Bg7 4. Nc3 O-O 5. g3 d6 6. Bg2 Nbd7 7. O-O e5 8. e4
c6 9. Qc2 Qa5 10. d5 Qa6 11. b3 cxd5 12. cxd5 b5 13. Re1 b4 14. Na4 Nxd5 15.
Bd2 N5b6 16. Bxb4 Nxa4 17. bxa4 Nc5 18. Bf1 Qc6 19. Bb5 Qb6 20. Bxc5 Qxc5 21.
Qd3 Bb7 22. Rac1 Qb6 23. Rb1 Rab8 24. Nd2 Qd4 25. Nb3 Qxd3 26. Bxd3 d5 27. Nc5
dxe4 28. Nxe4 Bd5 29. a3 Bxe4 1/2-1/2

[Event "Superettan(Burgsvik-Kamraterna)"]
[Site "?"]
[Date "2018.03.17"]
[Round "8"]
[White "Linusson, Pelle"]
[Black "Madebrink, Lars"]
[Result "1/2-1/2"]
[WhiteElo "2228"]
[BlackElo "2168"]
[PlyCount "98"]

1. Nf3 Nf6 2. c4 g6 3. g3 Bg7 4. Bg2 O-O 5. O-O d6 6. d4 Nbd7 7. Nc3 e5 8. e4
c6 9. h3 a5 10. Be3 a4 11. Qc2 Qa5 12. Rfe1 exd4 13. Bxd4 Ne5 14. Nd2 Re8 15.
f4 Ned7 16. Bf2 Nc5 17. Rac1 a3 18. b3 Na6 19. Nf3 Nd7 20. Qd2 Ndc5 21. Bd4 Nb4
22. Bxg7 Kxg7 23. Qd4+ Kg8 24. Red1 Be6 25. Qe3 Rad8 26. Rd2 d5 27. cxd5 cxd5
28. Nxd5 Bxd5 29. Rxc5 Qb6 30. Ne5 Bxb3 31. Rxd8 Rxd8 32. Nd7 Qe6 33. Qd4 Qxd7
34. Qxb4 Qd4+ 35. Qxd4 Rxd4 36. Rc3 Bxa2 37. Rxa3 Bc4 38. Ra8+ Kg7 39. e5 Rd1+
40. Kf2 Rd2+ 41. Kg1 b5 42. Rb8 Rb2 43. Be4 b4 44. g4 b3 45. Rb4 Ba6 46. Rb6
Bc4 47. Rb4 Be2 48. Rb7 Ba6 49. Rb6 Bc4 1/2-1/2

[Event "Superettan(Burgsvik-Kamraterna)"]
[Site "?"]
[Date "2018.03.17"]
[Round "8"]
[White "Andersson, Bjorn"]
[Black "Holming, Patrick"]
[Result "1-0"]
[WhiteElo "2180"]
[BlackElo "1981"]
[PlyCount "83"]

1. e4 e5 2. Nf3 f5 3. Nxe5 Nc6 4. Nc4 fxe4 5. Ne3 Nf6 6. Nc3 Ne5 7. d4 exd3 8.
cxd3 d6 9. d4 Nf7 10. Bc4 c6 11. Bxf7+ Kxf7 12. d5 Be7 13. O-O Re8 14. b4 a5
15. b5 c5 16. Nc4 b6 17. Bf4 Kg8 18. Re1 Bf8 19. Qf3 Rxe1+ 20. Rxe1 Ra7 21. h3
Re7 22. Rd1 Rb7 23. g4 h6 24. Qg3 Ne8 25. Ne4 Rd7 26. h4 Bb7 27. g5 h5 28. Qd3
Rf7 29. Bg3 g6 30. Ncxd6 Nxd6 31. Nxd6 Bxd6 32. Qxg6+ Rg7 33. Qe6+ Kh7 34. Bxd6
Qd7 35. Be5 Bc8 36. Qh6+ Kg8 37. Qxg7+ Qxg7 38. Bxg7 Kxg7 39. d6 Bd7 40. a4 c4
41. Rd4 Be6 42. d7 1-0

[Event "Superettan(Wasa-Manhem)"]
[Site "?"]
[Date "2018.03.17"]
[Round "8"]
[White "Al Hadarani, Hatim"]
[Black "Shirov, Alexei"]
[Result "0-1"]
[WhiteElo "2319"]
[BlackElo "2641"]
[PlyCount "54"]

1. Nf3 d5 2. c4 c6 3. d4 Nf6 4. Nc3 e6 5. e3 Nbd7 6. cxd5 exd5 7. Bd3 Bd6 8.
Qc2 O-O 9. Bd2 Re8 10. h3 Qe7 11. O-O-O b5 12. Kb1 a5 13. Bc1 a4 14. Rhe1 Ne4
15. Bxe4 dxe4 16. Nd2 Nf6 17. f3 exf3 18. gxf3 Nd5 19. Nde4 Bf5 20. Ka1 a3 21.
Rg1 g6 22. Qb3 axb2+ 23. Bxb2 Nxe3 24. Nxb5 Bxe4 25. fxe4 Nxd1 26. Nxd6 Nxb2
27. e5 Reb8 0-1

[Event "Superettan(Wasa-Manhem)"]
[Site "?"]
[Date "2018.03.17"]
[Round "8"]
[White "Bassem, Amin"]
[Black "Rozentalis, Eduardas"]
[Result "1-0"]
[WhiteElo "2693"]
[BlackElo "2527"]
[PlyCount "93"]

1. Nf3 Nf6 2. g3 b6 3. Bg2 Bb7 4. d3 d5 5. O-O Nbd7 6. c4 e6 7. cxd5 exd5 8.
Nc3 Be7 9. e4 dxe4 10. dxe4 Nc5 11. Nd4 O-O 12. e5 Nd5 13. Qg4 Nxc3 14. bxc3
Bxg2 15. Nf5 g6 16. Rd1 Bh3 17. Rxd8 Bxg4 18. Nxe7+ Kg7 19. Rd4 h5 20. Bg5 Rfe8
21. Nd5 Ne6 22. Bf6+ Kf8 23. Rd2 Bf3 24. c4 Rac8 25. Re1 Nc5 26. Re3 Bg4 27.
Bg5 Nd7 28. f3 Be6 29. Nf4 Nc5 30. Nd5 Nd7 31. Kg2 Bxd5 32. Rxd5 Nc5 33. Bf6
Re6 34. g4 Rce8 35. gxh5 gxh5 36. Kf2 Kg8 37. Rd4 Kh7 38. f4 Kg6 39. Rg3+ Kh6
40. Kf3 a5 41. Rg2 a4 42. Rd5 c6 43. Rd4 b5 44. cxb5 cxb5 45. Rd5 Rc6 46. Bg7+
Kh7 47. e6 1-0

[Event "Superettan(Wasa-Manhem)"]
[Site "?"]
[Date "2018.03.17"]
[Round "8"]
[White "Welin, Mats"]
[Black "Cramling, Pia"]
[Result "1-0"]
[WhiteElo "2314"]
[BlackElo "2449"]
[PlyCount "67"]

1. e4 c5 2. Nf3 Nc6 3. d4 cxd4 4. Nxd4 Qb6 5. Nb3 Nf6 6. Nc3 e6 7. Qe2 d6 8. g4
a6 9. g5 Nd7 10. Be3 Qc7 11. O-O-O b5 12. f4 Be7 13. Rg1 Bb7 14. Kb1 Rc8 15.
Bh3 b4 16. Nd5 exd5 17. exd5 Ncb8 18. Bd4 O-O 19. Bxg7 Kxg7 20. Nd4 Rfe8 21.
Qh5 Kh8 22. Bf5 Nf8 23. Rg3 Bxd5 24. Rh3 Bg2 25. Rh4 Be4 26. Bxe4 f5 27. Bxf5
Bxg5 28. fxg5 Rcd8 29. g6 Re5 30. Rg4 Rd7 31. Rdg1 Rg7 32. gxh7 Qe7 33. Nf3
Rxg4 34. Qxg4 1-0

[Event "Superettan(Wasa-Manhem)"]
[Site "?"]
[Date "2018.03.17"]
[Round "8"]
[White "Wedberg, Tom"]
[Black "Fendrich, David"]
[Result "1-0"]
[WhiteElo "2445"]
[BlackElo "2244"]
[PlyCount "65"]

1. e4 d6 2. d4 e5 3. Nf3 exd4 4. Nxd4 Nf6 5. Nc3 Be7 6. Bc4 O-O 7. O-O c5 8.
Nf3 Nc6 9. Bf4 Be6 10. Bd5 Bxd5 11. Nxd5 Re8 12. Re1 Nxd5 13. exd5 Nb8 14. Nd2
Nd7 15. Nc4 Nf6 16. a4 Qd7 17. Qd3 Bf8 18. b3 Rxe1+ 19. Rxe1 Re8 20. Rxe8 Qxe8
21. Kf1 Qe4 22. Qxe4 Nxe4 23. Na5 b6 24. Nc6 Nc3 25. Nxa7 Nxd5 26. Bd2 Ne7 27.
Ke2 d5 28. Bf4 d4 29. Kd3 Nd5 30. Bd2 Bd6 31. Kc4 Nc7 32. g3 Kf8 33. Nc8 1-0

[Event "Superettan(Wasa-Manhem)"]
[Site "?"]
[Date "2018.03.17"]
[Round "8"]
[White "Akesson, Joel"]
[Black "Wessman, Richard"]
[Result "1-0"]
[WhiteElo "2279"]
[BlackElo "2424"]
[PlyCount "111"]

1. c4 c6 2. Nf3 d5 3. g3 Nf6 4. Bg2 Bg4 5. Ne5 Bh5 6. cxd5 cxd5 7. Nc3 e6 8.
Qa4+ Nfd7 9. d3 Bd6 10. Bf4 Qe7 11. O-O O-O 12. Nxd7 Nxd7 13. Bxd6 Qxd6 14.
Rfc1 a6 15. Rc2 Rac8 16. Rac1 Rc6 17. Qh4 Bg6 18. Nd1 Nb8 19. Rxc6 Nxc6 20. Ne3
Qe5 21. Rc2 Qd4 22. Qxd4 Nxd4 23. Rd2 Rc8 24. Bf1 Kf8 25. f4 Ke7 26. Kf2 Kd6
27. Bg2 f6 28. Bf3 b5 29. b4 Rc3 30. Rb2 Nxf3 31. Kxf3 e5 32. fxe5+ fxe5 33.
Kf2 d4 34. Nf1 Bf7 35. Nd2 Bd5 36. Nb1 Rc1 37. Nd2 Ra1 38. Rc2 a5 39. bxa5 Rxa2
40. Ne4+ Kd7 41. Rc5 Bxe4 42. dxe4 Rxa5 43. Rxe5 Kc6 44. Rd5 Ra4 45. Rd8 Ra7
46. Rxd4 Ra4 47. e3 Ra2+ 48. Kf3 Rxh2 49. e5 Rh6 50. Kf4 Re6 51. Kf5 Re7 52. e6
Rb7 53. Ke5 b4 54. Rd6+ Kc5 55. Rd7 Rb5 56. Rd5+ 1-0

[Event "Superettan(Wasa-Manhem)"]
[Site "?"]
[Date "2018.03.17"]
[Round "8"]
[White "Bellon Lopez, Juan"]
[Black "Al Waeli, Laith"]
[Result "1/2-1/2"]
[WhiteElo "2334"]
[BlackElo "2060"]
[PlyCount "96"]
[EventDate "2018.??.??"]
[SourceDate "2018.03.17"]

1. d4 d5 2. Bg5 h6 3. Bh4 c5 4. dxc5 g5 5. Bg3 Bg7 6. c3 Nc6 7. e3 Nf6 8. Nd2
Nd7 9. Nb3 Nf6 10. Bd3 h5 11. h4 g4 12. Qc2 e5 13. f4 gxf3 14. gxf3 Bh6 15.
O-O-O Bxe3+ 16. Kb1 Rg8 17. Qe2 Rxg3 18. Qxe3 a6 19. Qf2 Rg8 20. Ne2 Qe7 21.
Ng3 Be6 22. Nf5 Bxf5 23. Bxf5 Kd8 24. Be4 Kc7 25. Bxd5 Nxd5 26. Rxd5 Rad8 27.
Rhd1 Rxd5 28. Rxd5 Qe6 29. Rd1 Qg6+ 30. Qc2 Qxc2+ 31. Kxc2 Rg3 32. Nd2 Rh3 33.
Rg1 Rxh4 34. Rg5 Kd7 35. b4 Ke6 36. a4 Rh2 37. Kd3 Ne7 38. Nc4 Ng6 39. Nd6 b6
40. Ne4 b5 41. axb5 axb5 42. c4 Nf4+ 43. Kc3 Ne2+ 44. Kd3 Nf4+ 45. Kc3 Ne2+ 46.
Kd3 Nf4+ 47. Kc3 Ne2+ 48. Kd3 Nf4+ 1/2-1/2

[Event "Superettan(Wasa-Manhem)"]
[Site "?"]
[Date "2018.03.17"]
[Round "8"]
[White "Outgajjouft, Said"]
[Black "Astrom, Goran"]
[Result "0-1"]
[WhiteElo "2037"]
[BlackElo "2236"]
[PlyCount "114"]

1. e4 c5 2. Nc3 e6 3. f4 d5 4. e5 Nc6 5. Nf3 Nge7 6. Bb5 Bd7 7. O-O Nf5 8. d3
h5 9. Bxc6 Bxc6 10. Ne2 Be7 11. d4 Bb5 12. c3 Qb6 13. Re1 Bxe2 14. Rxe2 O-O 15.
Qd3 cxd4 16. Nxd4 Bc5 17. Be3 Bxd4 18. Bxd4 Nxd4 19. Qxd4 Qxd4+ 20. cxd4 Rac8
21. Kf2 Rc4 22. Rd2 Rfc8 23. Kg3 Kh7 24. Kh4 Kg6 25. g4 hxg4 26. Kxg4 Rc2 27.
Rad1 Rxd2 28. Rxd2 Rc1 29. Rg2 Rd1 30. Kf3+ Kh6 31. Ke3 Rc1 32. Rf2 g6 33. Kd2
Rc4 34. Kd3 Kh5 35. Rf1 Kg4 36. Rg1+ Kf3 37. Rg3+ Kxf4 38. Rh3 Rc7 39. Rh7 a6
40. Rh4+ Kf5 41. Rh7 Kg5 42. Kd2 b5 43. Kd3 a5 44. Kd2 b4 45. Rh8 Rc4 46. Kd3
a4 47. Rf8 a3 48. b3 Rc3+ 49. Kd2 Rh3 50. Rb8 Rxh2+ 51. Kd3 Rxa2 52. Rxb4 f6
53. exf6 Kxf6 54. Ra4 g5 55. Ke3 Kf5 56. b4 Ra1 57. b5 a2 0-1

[Event "Superettan(Wasa-Manhem)"]
[Site "?"]
[Date "2018.03.17"]
[Round "8"]
[White "Moreau, Teodor"]
[Black "Storme, Isak"]
[Result "1-0"]
[WhiteElo "2313"]
[BlackElo "2171"]
[PlyCount "51"]
[SourceDate "2018.03.26"]

1. d4 Nf6 2. c4 e6 3. Nf3 c5 4. d5 exd5 5. cxd5 d6 6. Nc3 g6 7. e4 Bg7 8. Bg5
h6 9. Bh4 g5 10. Bg3 Nh5 11. Bb5+ Kf8 12. e5 Nxg3 13. fxg3 a6 14. Bd3 dxe5 15.
O-O b5 16. Qe2 Nd7 17. Rad1 Bb7 18. Bf5 Kg8 19. Ne4 Nf6 20. Nxe5 Nxd5 21. Nxf7
Kxf7 22. Be6+ Kg6 23. Nd6 Nf4 24. Qc2+ Kh5 25. g4+ Kh4 26. Qf2# 1-0

[Event "Superettan(Rockaden,Umea-Orgryte)"]
[Site "?"]
[Date "2018.03.17"]
[Round "8"]
[White "Hansson, Fredrik"]
[Black "Malmstig, Erik"]
[Result "0-1"]
[WhiteElo "2177"]
[BlackElo "2309"]
[PlyCount "20"]

1. e4 c5 2. c3 Nf6 3. e5 Nd5 4. d4 cxd4 5. cxd4 e6 6. Nf3 b6 7. Bd3 Be7 8. O-O
Bb7 9. Nc3 f5 10. exf6 Nxf6 0-1

[Event "Superettan(Rockaden,Umea-Orgryte)"]
[Site "?"]
[Date "2018.03.17"]
[Round "8"]
[White "Wickstrom, Lucas"]
[Black "Kumar, Rahul"]
[Result "1/2-1/2"]
[WhiteElo "2357"]
[BlackElo "2183"]
[PlyCount "65"]

1. d4 d6 2. c4 g6 3. e4 Bg7 4. Nc3 e5 5. dxe5 dxe5 6. Qxd8+ Kxd8 7. Nf3 f6 8.
Be3 Nd7 9. Rd1 Nh6 10. c5 c6 11. h3 Ke7 12. Nd2 Rd8 13. Nc4 Nf7 14. b4 Nf8 15.
Rxd8 Kxd8 16. Bd3 Be6 17. Ke2 Kc7 18. Rd1 Rd8 19. a3 Bc8 20. Bc2 Rxd1 21. Bxd1
Be6 22. Kd3 f5 23. h4 f4 24. Bd2 Nd7 25. g3 fxg3 26. fxg3 b6 27. cxb6+ axb6 28.
Bb3 Nh6 29. Be3 Ng4 30. Bg1 Ngf6 31. Bf2 Ng4 32. Bg1 Ngf6 33. Bf2 1/2-1/2

[Event "Superettan(Rockaden,Umea-Orgryte)"]
[Site "?"]
[Date "2018.03.17"]
[Round "8"]
[White "Fransson, Patrick"]
[Black "Eriksson, Jorgen"]
[Result "1-0"]
[WhiteElo "2136"]
[BlackElo "2209"]
[PlyCount "57"]

1. d4 e6 2. Bf4 Nf6 3. e3 c5 4. c3 Qb6 5. Qc2 cxd4 6. exd4 d6 7. Nf3 Bd7 8.
Nbd2 Be7 9. Bd3 Bc6 10. O-O O-O 11. Rfe1 Bxf3 12. Nxf3 Nbd7 13. Ng5 h6 14. Nxe6
fxe6 15. Rxe6 Rfe8 16. Rae1 Bf8 17. Bc4 Kh8 18. Qf5 Rxe6 19. Bxe6 Re8 20. Re3
Qd8 21. g4 Rxe6 22. Qxe6 d5 23. g5 Nh5 24. Bg3 Nxg3 25. hxg3 Nb6 26. Qf7 Qd6
27. Re6 hxg5 28. Rxd6 Bxd6 29. Qxb7 1-0

[Event "Superettan(Rockaden,Umea-Orgryte)"]
[Site "?"]
[Date "2018.03.17"]
[Round "8"]
[White "Nygren, David"]
[Black "Eksmyr, Johan"]
[Result "1-0"]
[WhiteElo "2266"]
[BlackElo "2181"]
[PlyCount "75"]

1. e4 c6 2. d4 d5 3. e5 Bf5 4. Nf3 e6 5. Be2 h6 6. O-O Ne7 7. b3 Nc8 8. c4 Be7
9. Nc3 O-O 10. Bb2 Nd7 11. cxd5 cxd5 12. Bd3 Bg6 13. Bxg6 fxg6 14. Qd3 Qe8 15.
Rae1 g5 16. Nb5 Qf7 17. Nc7 Rb8 18. Nxd5 exd5 19. e6 Qe8 20. exd7 Qxd7 21. Ne5
Qd6 22. Qh3 Nb6 23. Ng4 Rbe8 24. Qh5 Nd7 25. Qh3 Nf6 26. Re6 Qf4 27. Ne3 Bd8
28. Re5 Bc7 29. Rf5 Qe4 30. Qf3 Qxf3 31. Rxf3 Bf4 32. Ba3 Rf7 33. Nd1 Ne4 34.
Bb4 Bd2 35. Rxf7 Kxf7 36. f3 Bxb4 37. fxe4+ Ke6 38. a3 1-0

[Event "Superettan(Rockaden,Umea-Orgryte)"]
[Site "?"]
[Date "2018.03.17"]
[Round "8"]
[White "Virolainen, Victor"]
[Black "Larsson, Johan"]
[Result "0-1"]
[WhiteElo "2173"]
[BlackElo "2193"]
[PlyCount "70"]

1. d4 Nf6 2. Nf3 g6 3. c4 Bg7 4. Nc3 O-O 5. e4 d6 6. Be2 e5 7. O-O Nc6 8. d5
Ne7 9. Ne1 Nd7 10. Nd3 f5 11. f3 f4 12. g4 g5 13. Bd2 Ng6 14. Rc1 Nf6 15. c5 h5
16. h3 hxg4 17. hxg4 Rf7 18. Nb5 Bf8 19. Be1 Rh7 20. Kg2 a6 21. Na3 dxc5 22.
Nxc5 Bxc5 23. Rxc5 Qf8 24. Bb4 Bxg4 25. Rh1 Rxh1 26. Qxh1 Nh4+ 27. Kf2 a5 28.
Rxa5 Qxb4 29. Rxa8+ Kg7 30. Qd1 Qc5+ 31. Ke1 Qe3 32. Qd3 Nxf3+ 33. Kd1 Qg1+ 34.
Kc2 Nd4+ 35. Kc3 Bxe2 0-1

[Event "Superettan(Rockaden,Umea-Orgryte)"]
[Site "?"]
[Date "2018.03.17"]
[Round "8"]
[White "Johansson, David"]
[Black "Subramanian, Aditya"]
[Result "1-0"]
[WhiteElo "2104"]
[BlackElo "2133"]
[PlyCount "117"]

1. e4 e5 2. Nf3 Nc6 3. Bc4 Bc5 4. d3 Nf6 5. O-O O-O 6. c3 d5 7. exd5 Nxd5 8.
Nbd2 Nb6 9. Bb5 Bd6 10. a4 a6 11. Bxc6 bxc6 12. a5 Nd5 13. Nc4 Qf6 14. Qa4 Rb8
15. Re1 Re8 16. Ng5 Bd7 17. Bd2 Qg6 18. Ne4 f5 19. Ng3 f4 20. Ne4 f3 21. Ng3
fxg2 22. Rad1 Nf6 23. Bc1 c5 24. Qa2 Qf7 25. Ne4 Kh8 26. Ng5 Qd5 27. Qb1 h6 28.
Ne3 Qg8 29. Ne4 Qf7 30. Qc2 Nh5 31. Nc4 Re6 32. Qb1 Nf4 33. Qc2 Rg6 34. Bxf4
exf4 35. Qe2 f3 36. Nexd6 cxd6 37. Qe7 Qxe7 38. Rxe7 Bc6 39. Rde1 Bb5 40. Rf7
Rf6 41. Rxf6 gxf6 42. Re3 Re8 43. Nd2 Rxe3 44. fxe3 Bc6 45. e4 c4 46. dxc4 f5
47. Nxf3 Bxe4 48. Kxg2 Kg7 49. Kg3 Kf6 50. Kf4 Bb1 51. Nd4 Bd3 52. b3 Be4 53.
b4 Bd3 54. b5 Bxc4 55. b6 Bd5 56. Nxf5 Ke6 57. Nxh6 Bb7 58. Nf5 Kd5 59. h4 1-0

[Event "Superettan(Rockaden,Umea-Orgryte)"]
[Site "?"]
[Date "2018.03.17"]
[Round "8"]
[White "Olsson, William"]
[Black "Mardell, Jimmy"]
[Result "1/2-1/2"]
[WhiteElo "2069"]
[BlackElo "2139"]
[PlyCount "176"]

1. d4 Nf6 2. Nf3 e6 3. Bf4 c5 4. e3 Nc6 5. Bd3 d5 6. c3 Be7 7. Nbd2 Nh5 8. Bg3
Bd7 9. Ne5 Nxg3 10. Nxc6 Bxc6 11. hxg3 cxd4 12. exd4 Qb6 13. Qc2 h6 14. Nf3 Bb5
15. Rd1 Rc8 16. Qe2 Bxd3 17. Rxd3 Qa5 18. a3 b5 19. Ne5 Bf6 20. Ng4 Be7 21. Qe5
Rg8 22. O-O Qc7 23. Qe2 a6 24. Re1 Bd6 25. Rf3 h5 26. Ne3 Kf8 27. Nf1 Re8 28.
Rf5 g6 29. Rf3 Kg7 30. Nd2 e5 31. dxe5 Rxe5 32. Re3 Rge8 33. Qd3 Bc5 34. Rxe5
Rxe5 35. Rxe5 Qxe5 36. Nf1 d4 37. b4 Bb6 38. c4 bxc4 39. Qxc4 Qd6 40. Qd3 a5
41. bxa5 Bxa5 42. Ne3 Bc3 43. Nc2 Qb6 44. Kf1 Qc5 45. Ke2 Qe5+ 46. Kf1 Qc5 47.
f4 Qd6 48. Ke2 h4 49. gxh4 Qxf4 50. g3 Qg4+ 51. Kf2 f5 52. Nb4 Qe4 53. Qxe4
fxe4 54. Nd5 Ba5 55. g4 Bd8 56. g5 Kf7 57. Nf4 Bb6 58. Nd5 Bc5 59. Ke2 Bxa3 60.
Nf6 d3+ 61. Kd2 Bb4+ 62. Ke3 d2 63. Ke2 e3 64. Nd5 Bc5 65. Nf4 Bd4 66. Kd1 Be5
67. Nd5 Ke6 68. Nxe3 Bc3 69. Kc2 Bb4 70. Nc4 Kf5 71. Nxd2 Kg4 72. Ne4 Kxh4 73.
Kd3 Be7 74. Ke3 Bxg5+ 75. Kf3 Bd8 76. Kf4 Bc7+ 77. Kf3 Bb8 78. Kg2 Kg4 79. Nc5
Kf5 80. Nd3 g5 81. Nf2 Ba7 82. Nh3 g4 83. Nf2 Bxf2 84. Kxf2 Kf4 85. Kg2 g3 86.
Kg1 Kf3 87. Kf1 g2+ 88. Kg1 Kg3 1/2-1/2

[Event "Superettan(Rockaden,Umea-Orgryte)"]
[Site "?"]
[Date "2018.03.17"]
[Round "8"]
[White "Mardell, Jonas"]
[Black "Grimsholm, Ola"]
[Result "1-0"]
[WhiteElo "2038"]
[BlackElo "2035"]
[PlyCount "57"]

1. e4 c5 2. c3 d5 3. exd5 Qxd5 4. d4 Nf6 5. Nf3 Bg4 6. Nbd2 cxd4 7. Bc4 Qh5 8.
Qb3 b6 9. cxd4 Nbd7 10. h3 e6 11. Rg1 Bxf3 12. Nxf3 Be7 13. Bf4 O-O 14. g4 Qxh3
15. Bf1 Qxg4 16. Rxg4 Nxg4 17. Bc4 a5 18. a4 Ndf6 19. Ne5 Bb4+ 20. Ke2 Rac8 21.
Rg1 h5 22. f3 Nxe5 23. Bxe5 Be7 24. Bxe6 Rc6 25. Bd5 Rcc8 26. Qxb6 Kh8 27. Qb3
Kg8 28. Qe3 Kh7 29. Qg5 1-0

[Event "Superettan(Vasteras-Vaxjo)"]
[Site "?"]
[Date "2018.03.17"]
[Round "8"]
[White "Shkuran, Danylo"]
[Black "Sjodahl, Pontus"]
[Result "0-1"]
[WhiteElo "2397"]
[BlackElo "2414"]
[PlyCount "108"]
[EventDate "2018.??.??"]
[SourceDate "2018.03.27"]

1. e4 e6 2. d3 d5 3. Nd2 c5 4. g3 Bd6 5. Bg2 Ne7 6. Ngf3 Nbc6 7. O-O O-O 8. a4
b6 9. b3 Rb8 10. Bb2 d4 11. Nh4 e5 12. Nc4 Bc7 13. Qh5 Be6 14. Rae1 a6 15. f4
exf4 16. gxf4 Ng6 17. Nxg6 fxg6 18. Qg5 Rxf4 19. Qxd8+ Nxd8 20. Rxf4 Bxf4 21.
e5 Nf7 22. a5 b5 23. Nd6 Bd2 24. Rd1 Be3+ 25. Kh1 Nxd6 26. exd6 Rd8 27. Ba3 b4
28. Bc1 Bxc1 29. Rxc1 Kf7 30. Rf1+ Bf5 31. Re1 Kf6 32. Bb7 Rxd6 33. Re8 Bd7 34.
Rb8 Bc6+ 35. Kg1 Bxb7 36. Rxb7 Re6 37. Kf2 Rc6 38. Kf3 g5 39. Ke4 Re6+ 40. Kf3
h5 41. Rc7 g4+ 42. Kf2 Kg5 43. Kg3 Re3+ 44. Kf2 Kh4 45. Rxg7 Kh3 46. Rg5 h4 47.
Rh5 c4 48. bxc4 b3 49. cxb3 Rxd3 50. b4 Rd2+ 51. Ke1 Rxh2 52. b5 axb5 53. cxb5
g3 54. a6 Ra2 0-1

[Event "Superettan(Vasteras-Vaxjo)"]
[Site "?"]
[Date "2018.03.17"]
[Round "8"]
[White "Akesson, Ralf"]
[Black "Solodovnichenko, Yuri"]
[Result "0-1"]
[WhiteElo "2443"]
[BlackElo "2571"]
[PlyCount "96"]

1. d4 d6 2. Nf3 g6 3. g3 Bg7 4. Bg2 Nf6 5. O-O O-O 6. c4 Nc6 7. Nc3 Bf5 8. b3
Ne4 9. Bb2 Nxc3 10. Bxc3 Be4 11. Qd2 e6 12. Rfd1 d5 13. Qb2 Qe7 14. Rac1 Rfd8
15. e3 a5 16. Ne1 Bxg2 17. Kxg2 Nb4 18. a3 Nc6 19. Nf3 Nb8 20. a4 Nd7 21. Qd2
b6 22. cxd5 exd5 23. Bb2 Rac8 24. Rc6 Qe8 25. Rc2 Bf8 26. Qd3 Bd6 27. Nd2 Nf6
28. f3 Bb4 29. Bc3 Rd6 30. Bxb4 axb4 31. Rdc1 Re6 32. Nf1 Qd7 33. Qb5 Qxb5 34.
axb5 Ne8 35. Ra2 Nd6 36. Ra4 Nf5 37. Kf2 Rce8 38. Rxc7 Nxe3 39. Raa7 Nf5 40.
Rxf7 Ne7 41. Rf4 Nf5 42. Ra2 Nd6 43. h4 Nxb5 44. h5 gxh5 45. Rh4 Nc3 46. Ra7
Re2+ 47. Kg1 Rb2 48. Rxh5 Ne2+ 0-1

[Event "Superettan(Vasteras-Vaxjo)"]
[Site "?"]
[Date "2018.03.17"]
[Round "8"]
[White "Lindberg, Bengt"]
[Black "Vaarala, Eric"]
[Result "1/2-1/2"]
[WhiteElo "2387"]
[BlackElo "2302"]
[PlyCount "125"]

1. e4 e6 2. d4 d5 3. Nc3 dxe4 4. Nxe4 Nd7 5. Nf3 Ngf6 6. Bg5 h6 7. Nxf6+ Nxf6
8. Bxf6 Qxf6 9. Bb5+ c6 10. Bd3 Bd6 11. Qe2 Bd7 12. O-O-O O-O-O 13. Kb1 Kb8 14.
Rhe1 Bc8 15. Ne5 Bc7 16. c3 g5 17. g3 Qg7 18. Bc2 f6 19. Nd3 e5 20. dxe5 fxe5
21. Nc5 Rxd1+ 22. Rxd1 Rf8 23. Be4 Qf7 24. f3 h5 25. Nd3 Qc4 26. Qd2 g4 27. b3
Qf7 28. fxg4 hxg4 29. Re1 Rh8 30. Kb2 Qf8 31. Re2 Rh6 32. Rf2 Rf6 33. Rxf6 Qxf6
34. Qe2 Bd6 35. Kc2 Qf8 36. Kd1 Qf6 37. Qf2 Qe6 38. Qe3 Qf6 39. Qf2 Qe6 40. Ke1
Qe7 41. Qe2 Qg5 42. Kf1 Qh6 43. Kg2 Qh3+ 44. Kg1 Qh6 45. c4 Qg5 46. Kg2 Be6 47.
Nf2 Bc5 48. Bc2 Bxf2 49. Kxf2 Qf6+ 50. Ke1 Qg5 51. Qd2 Qe7 52. Qe3 Qf6 53. Qc5
Bd7 54. Be4 Qg5 55. Kd1 Qf6 56. Ke2 Qh8 57. Qf2 Qh6 58. Kd1 Qd6+ 59. Qd2 Qe7
60. Qh6 Kc7 61. Qe3 Qd6+ 62. Kc2 b6 63. Kc3 1/2-1/2

[Event "Superettan(Vasteras-Vaxjo)"]
[Site "?"]
[Date "2018.03.17"]
[Round "8"]
[White "Eriksson, Johan"]
[Black "Lindahl, Emil"]
[Result "1-0"]
[WhiteElo "2395"]
[BlackElo "2177"]
[PlyCount "99"]

1. d4 Nf6 2. c4 e6 3. Nc3 Bb4 4. f3 O-O 5. a3 Bxc3+ 6. bxc3 Ne8 7. e4 b6 8. Bd3
Nc6 9. f4 Ba6 10. Nf3 Na5 11. Qe2 d5 12. cxd5 Bxd3 13. Qxd3 exd5 14. e5 f5 15.
O-O Nc4 16. Ra2 Qe7 17. g4 g6 18. gxf5 Rxf5 19. Re2 Ng7 20. e6 Re8 21. Ng5 Nd6
22. Qh3 Nh5 23. Rg2 Kh8 24. Bd2 Ref8 25. Rg4 Ne4 26. Qe3 Nxg5 27. Rxg5 R5f6 28.
Re5 Ng7 29. c4 dxc4 30. Bb4 c5 31. dxc5 a5 32. Bc3 Kg8 33. cxb6 Rxe6 34. Rb1
Rb8 35. b7 a4 36. Rxe6 Nxe6 37. Qe5 Qc5+ 38. Kf1 Qc6 39. Qxb8+ Kf7 40. Qa7 Qh1+
41. Kf2 Qxh2+ 42. Ke1 Qg3+ 43. Qf2 Qxc3+ 44. Qd2 Qg3+ 45. Kd1 Qf3+ 46. Kc2 Qe4+
47. Kc1 Nc5 48. b8=Q Nd3+ 49. Qxd3 Qxd3 50. Rb7+ 1-0